000 00854nam a2200265 i 4500
001 000027569
003 DO-SdBNP
005 20240111135002.0
007 ta
008 110401s1982 dr abd 000 0 spa d
040 _aDO-SdBNP
_bspa
_cBNPHU
_erda
082 4 _a330.97293054
_bV632c
_222
100 1 _aVicens, Lucas,
_926135
_eautor
245 1 0 _aCrisis económica 1978-1982 /
_cLucas Vicens.
264 _aSanto Domingo :
_bAmigo del Hogar,
_c1982.
300 _a404 páginas :
_bilustraciones, gráffcos., mapa ;
_c22 cm.
336 _2rdacontent
_atexto
_btxt
337 _2rdamedia
_asin mediación
_bn
338 _2rdacarrier
_avolumen
_bnc
590 _aInventariado, 2018/VM
651 4 _aRepública Dominicana
_xCondiciones económicas
_y1978-1982
_954668
910 _aValidado. Control de calidad MFF
942 _2ddc
_cLBS1
956 _aVMateo
999 _c27061
_d27061